Statistics for Tectonic plates

Click here to take the quiz!

General Stats

  • This quiz has been taken 12 times
  • The average score is 11 of 38

Answer Stats

#tectonic plate% Correct
7Australian
82%
10Indian
82%
1Pacific
82%
13Arabian
73%
2North American
73%
8South American
73%
6Antarctic
64%
3Eurasian
64%
9Nazca
64%
15Caribbean
55%
16Cocos
55%
12Philippine
55%
18Scotia
36%
5Somalian
36%
17Yangtze
27%
22Anatolian
18%
23Banda
18%
31Bird's Head
18%
24Burma
18%
20North Andes
18%
14Okhotsk
18%
30Timor
18%
19Caroline
9%
37Maoke
9%
27Mariana
9%
28New Hebrides
9%
35Panama
9%
33South Sandwich
9%
11Sunda
9%
29Aegean
0%
21Altiplano
0%
32North Bismark
0%
4Nubian
0%
25Okinawa
0%
38Solomon
0%
36South Bismark
0%
34South Shetland
0%
26Woodlark
0%

Score Distribution

Percentile by Number Answered

Percent of People with Each Score

Your Score History

You have not taken this quiz